Open Data Biblioteca Nacional de Portugal


República Portuguesa: Ministério da Cultura
Biblioteca Nacional de Portugal

Catálogo da BNP: acesso por Identificadores Unívocos
Registos Bibliográficos associados ao registo de autoridade

Etiqueta de registo: 00254nbm 2200025 450
001 2079267
003 http://id.bnportugal.gov.pt/bib/catbnp/2079267
100 ## $a20210903d1589 m y0pory01030103ba
101 0# $apor
102 ## $aPT
105 ## $ay z 000yy
106 ## $ah
200 1# $a [ Cartas do Cardeal Alberto, vice-rei de Portugal, a Dom João de Castro, do Conselho do Rei, sobre medidas com vista à defesa contra a armada inglesa, escritas em 1589]$bManuscrito]
210 #1 $d1589
215 ## $a5 docs. em [10] f.$d32 cm
300 ## $aOriginais assinados, com selo de chapa
307 ## $aTodas as cartas mantêm o selo de chapa
316 ## $aCota antiga: X-1-16, n. 23-27
327 11 $a[Doc. 1]: [Carta datada de Lisboa, 16 de Janeiro de 1589]. - [1, 1 br.] f. ; [Doc. 2]: [Carta datada de Lisboa, 13 de Maio de 1589]. - [1, 1 br.] f. ; [Doc. 3]: [Carta datada de Lisboa, 19 de Maio de 1589]. - [1, 1 br.] f. ; [Doc. 4]: [Carta datada de Lisboa, 27 de Maio de 1589]. - [1, 1 br.] f. ; [Doc. 5]: [Carta datada de Lisboa, 16 de Junho de 1589]. - [1, 1 br.] f.
702 #1 $aCastro,$bJoão de,$f1550?-1628?$4660$325239
710 02 $aPortugal.$bVice-rei,$f1583-1593 (Cardeal Alberto)$31818743
801 #0 $aPT$bBN$gRPC
966 ## $lBN$mMICROF$sF. 2055
966 ## $lBN$mRESMAN$sMSS. 13, n. 34-38
997 ## $aBIBEOD

Etiqueta de registo: 00254nbm 2200025 450
001 2094045
003 http://id.bnportugal.gov.pt/bib/catbnp/2094045
100 ## $a20220303d1594 k y0pory01030103ba
101 0# $apor
102 ## $aPT
105 ## $ay z 000yy
106 ## $ah
200 1# $a[Provisão do cardeal arquiduque legado de latere [Alberto de Áustria, vice-rei de Portugal] ordenando a Manuel da Costa, mestre-escola da Sé do Porto e administrador das rendas dos mosteiros, que faça os pagamentos devidos aos comendatários que têm cuidado do governo espiritual e temporal dos mosteiros da Congregação de Sto. Agostinho durante a sua reforma e união, de acordo com petição do Pe. Geral da Congregação de Sta. Cruz de Coimbra]
210 #1 $aLisboa,$d28 de Fevereiro 1594
215 ## $a[2] f.$d30 cm
300 ## $aTraslado em pública-forma com sinal de tabelião
306 ## $aTraslado feito em 11 de Maio 1594
307 ## $aCom a rubrica "Carr.º" noutra mão e o nº 2858 a vermelho, no rosto, à cabeça; com sumário no verso; com carimbo de compra
307 ## $aFragilizado nas dobras e nas extremidades; papel em corrosão por acção da tinta ferro-gálica
321 ## $aReferido em: Guia Preliminar dos Fundos de Arquivo da Biblioteca Nacional. Lisboa: IBNL, 1994. P. 148
327 11 $aIntegra documentação de várias tipologias, proveniente do «Depósito das Livrarias dos Extintos Conventos» ou adquirida por compra pela Biblioteca Nacional; cópia da provisão do arquiduque em C.O. - Cx. 06 (1), M. 1, n. 10
710 02 $aPortugal.$bVice-rei,$f1583-1593 (Cardeal Alberto)$31818743
712 02 $aCónegos Regrantes de Santo Agostinho.$bMosteiro de Santa Cruz$c(Coimbra)$4390$363879
801 #0 $aPT$bBN$gRPC
966 ## $lBN$mRESARQ$sC.O. - Cx. 06 (1), M. 1, n. 11
995 ## $aPRRMSS23 $d20230302$idfontes$zBND

Etiqueta de registo: 00254nbm 2200025 450
001 2094039
003 http://id.bnportugal.gov.pt/bib/catbnp/2094039
100 ## $a20220303f1594 k y0pory01030103ba
101 0# $apor
102 ## $aPT
105 ## $ay z 000yy
106 ## $ah
200 1# $a[Petição do Pe. Geral da Congregação de Sta. Cruz de Coimbra ao cardeal arquiduque legado de latere [Alberto de Áustria, vice-rei de Portugal], solicitando que se continue a pagar o salário aos comendatários que têm cuidado do governo espiritual e temporal dos mosteiros durante a sua reforma e união, enquanto não vierem as letras da união e se tomar posse dos mosteiros, e resposta do cardeal arquiduque, ordenando a Manuel da Costa, mestre-escola da Sé do Porto e administrador das rendas dos mosteiros, que faça os pagamentos devidos]$bManuscrito]
210 #1 $d[Antes de] 28 de Fevereiro 1594
215 ## $a[2] f.$d30 cm
300 ## $aOriginal, provisão com assinatura e selo de chapa de Alberto de Áustria
306 ## $aDatado de acordo com a data da provisão do arquiduque de 28 de Fevereiro 1594
307 ## $aCom a rubrica "Carr.º" noutra mão e o nº 2853 a vermelho, no rosto, à cabeça; com sumário no verso; com carimbo de compra
307 ## $aFragilizado nas dobras e nas extremidades; selo de chapa muito delido
321 ## $aReferido em: Guia Preliminar dos Fundos de Arquivo da Biblioteca Nacional. Lisboa: IBNL, 1994. P. 148
327 11 $aIntegra documentação de várias tipologias, proveniente do «Depósito das Livrarias dos Extintos Conventos» ou adquirida por compra pela Biblioteca Nacional; cfr. cópia da provisão do arquiduque em C.O. - Cx. 06 (1), M. 1, n. 11
711 02 $aPortugal.$bVice-rei,$f1583-1593 (Cardeal Alberto)$31818743
712 02 $aCónegos Regrantes de Santo Agostinho.$bMosteiro de Santa Cruz$c(Coimbra)$4390$363879
801 #0 $aPT$bBN$gRPC
966 ## $lBN$mRESARQ$sC.O. - Cx. 06 (1), M. 1, n. 10
995 ## $aPRRMSS23 $d20230302$idfontes$zBND

Etiqueta de registo: 00254nbm 2200025 450
001 2094014
003 http://id.bnportugal.gov.pt/bib/catbnp/2094014
100 ## $a20220303f1592 k y0pory01030103ba
101 0# $apor
102 ## $aPT
105 ## $ay z 000yy
106 ## $ah
200 1# $a [ Petição do Prior Geral da Congregação de Sta. Cruz de Coimbra, solicitando ao cardeal arquiduque legado de latere [Alberto de Áustria, vice-rei de Portugal], que dê ordem para que se paguem os cinquenta mil réis devidos a cada seis meses aos priores e conventos de S. Simão da Junqueira, S. Martinho de Caramos, S. Pedro de Folques e Sto. Estêvão de Vilela, e resposta do cardeal arquiduque, ordenando a Manuel da Costa, mestre-escola da Sé do Porto e administrador das rendas dos mosteiros, que faça os pagamentos devidos]$bManuscrito]
210 #1 $d[Antes de] 18 de Agosto de 1592
215 ## $a[2] f.$d31 cm
300 ## $aOriginais, resposta com assinatura e selo de chapa de Alberto de Áustria
306 ## $aProvisão do arquiduque datado de Lisboa, 14 de Setembro 1592; petição datada de acordo com o despacho que a acompanha, assinalando a recepção do documento, datado de 18 de Agosto 1592
307 ## $aCom a rubrica "Carr.º" noutra mão e o nº 2857 a vermelho, no rosto, à cabeça; com sumário no verso; com carimbo de compra
307 ## $aFragilizado nas dobras e nas extremidades; selo de chapa muito delido
321 ## $aReferido em: Guia Preliminar dos Fundos de Arquivo da Biblioteca Nacional. Lisboa: IBNL, 1994. P. 148
327 11 $aIntegra documentação de várias tipologias, proveniente do «Depósito das Livrarias dos Extintos Conventos» ou adquirida por compra pela Biblioteca Nacional; a petição está no segundo fólio; relacionado com C.O. - Cx. 06 (1), M. 1, n. 9
711 02 $aPortugal.$bVice-rei,$f1583-1593 (Cardeal Alberto)$31818743
712 02 $aCónegos Regrantes de Santo Agostinho.$bMosteiro de Santa Cruz$c(Coimbra)$4390$363879
801 #0 $aPT$bBN$gRPC
966 ## $lBN$mRESARQ$sC.O. - Cx. 06 (1), M. 1, n. 8
995 ## $aPRRMSS23 $d20230302$idfontes$zBND

Etiqueta de registo: 00254nbm 2200025 450
001 2094404
003 http://id.bnportugal.gov.pt/bib/catbnp/2094404
100 ## $a20220308d1588 k y0pory01030103ba
101 0# $alat
102 ## $aIT
105 ## $ay z 000yy
106 ## $ah
200 1# $a [ Breve do papa Sisto V ao Cardeal Arquiduque Alberto de Áustria, vice-rei de Portugal, para que os cristãos-novos não sejam providos de benefícios eclesiásticos dados pela Sta. Sé Apostólica]$bManuscrito]
210 #1 $aRoma,$d25 de Janeiro 1588
215 ## $a[1] f.$d34 cm
300 ## $aTraslado
307 ## $aCom sumário e a cota "Al. 15, sac. 5º, E. 36" no verso
307 ## $aFragilizado nas extremidades
321 ## $aReferido em: Guia Preliminar dos Fundos de Arquivo da Biblioteca Nacional. Lisboa: IBNL, 1994. P. 148
327 11 $aIntegra documentação de várias tipologias, proveniente do «Depósito das Livrarias dos Extintos Conventos» ou adquirida por compra pela Biblioteca Nacional
710 02 $aIgreja Católica.$bPapa,$c1585-1590 (Sisto V)$3275798
712 02 $aCónegos Regrantes de Santo Agostinho.$bMosteiro de Santa Cruz$c(Coimbra)$4390$363879
712 02 $aPortugal.$bVice-rei,$f1583-1593 (Cardeal Alberto)$4660$31818743
801 #0 $aPT$bBN$gRPC
966 ## $lBN$mRESARQ$sC.O. - Cx. 06 (1), M. 2, n. 9
995 ## $aPRRMSS23 $d20230302$idfontes$zBND

Etiqueta de registo: 00254nbm 2200025 450
001 2094526
003 http://id.bnportugal.gov.pt/bib/catbnp/2094526
100 ## $a20220309d1587 k y0pory01030103ba
101 0# $apor
102 ## $aPT
105 ## $ay z 000yy
106 ## $ah
200 1# $a [ Carta do rei D. Filipe I ao conde de Vila Franca, proibindo que na ilha de S. Miguel houvesse trato com os corsários ingleses que aí se iam prover]$bManuscrito]
210 #1 $aLisboa,$d2 de Maio 1587
215 ## $a[2] f.$d30 cm
300 ## $aTraslado, a original estava assinada pelo Cardeal Alberto de Áustria, vice-rei de Portugal
307 ## $aCom o n. 47, a rubrica Carr.º e o n. 5670 a vermelho, à cabeça, no rosto; com sumário, data e a cota "Al. 15" no verso
317 ## $aNão há certeza sobre a sua pertença ao mosteiro de Sta. Cruz de Coimbra, que se supõe dada a semelhança de cotas e numerações com outros documentos desse fundo, nomeadamente a numeração a vermelho e a rubrica Carr.º
321 ## $aReferido em: Guia Preliminar dos Fundos de Arquivo da Biblioteca Nacional. Lisboa: IBNL, 1994. P. 148
327 11 $aIntegra documentação de várias tipologias, proveniente do «Depósito das Livrarias dos Extintos Conventos» ou adquirida por compra pela Biblioteca Nacional
710 01 $aPortugal.$bRei,$c1581-1598 (Filipe I)$3798777
711 02 $aPortugal.$bVice-rei,$f1583-1593 (Cardeal Alberto)$31818743
712 02 $aCónegos Regrantes de Santo Agostinho.$bMosteiro de Santa Cruz$c(Coimbra)$4390$363879
801 #0 $aPT$bBN$gRPC
966 ## $lBN$mRESARQ$sC.O. - Cx. 06 (1), M. 5, n. 5
995 ## $aPRRMSS23 $d20230302$idfontes$zBND

Etiqueta de registo: 00254nbm 2200025 450
001 2105855
003 http://id.bnportugal.gov.pt/bib/catbnp/2105855
100 ## $a20220722d1619 m y0pory01030103ba
101 0# $aspa
102 ## $aES
105 ## $ay z 000yy
106 ## $ah
200 1# $a [ Carta de Dom Filipe III de Espanha a Alberto VII, Arquiduque da Áustria, acerca do pagamento de esmola aos religiosos Capuchinhos de Bruxelas]$bManuscrito]
210 #1 $aMadrid,$d20 de Abril de 1619
215 ## $a[2] f.$d29 cm
300 ## $aOriginal
303 ## $aTexto em espanhol
307 ## $aCom selo de chapa
710 01 $aEspanha.$bRei,$f1598-1621 (Filipe III)$361522
712 02 $aPortugal.$bVice-rei,$f1583-1593 (Cardeal Alberto)$4660$31818743
801 #0 $aPT$bBN$gRPC
966 ## $lBN$mRESMAN$sMSS. 41, n. 4, doc. 3
971 ## $cpmesqui$d20220722
997 ## $aBIBEOD

Etiqueta de registo: 00254nbm 2200025 450
001 2105854
003 http://id.bnportugal.gov.pt/bib/catbnp/2105854
100 ## $a20220722d1619 m y0pory01030103ba
101 0# $aspa
102 ## $aES
105 ## $ay z 000yy
106 ## $ah
200 1# $a [ Carta de Dom Filipe III de Espanha a Alberto VII, Arquiduque da Áustria, acerca do pagamento de esmola ao seminário irlandês de Antuérpia]$bManuscrito]
210 #1 $aMadrid,$d3 de Fevereiro de 1619
215 ## $a[2] f.$d28 cm
300 ## $aOriginal
303 ## $aTexto em espanhol
307 ## $aCom selo de chapa
710 01 $aEspanha.$bRei,$f1598-1621 (Filipe III)$361522
712 02 $aPortugal.$bVice-rei,$f1583-1593 (Cardeal Alberto)$4660$31818743
801 #0 $aPT$bBN$gRPC
966 ## $lBN$mRESMAN$sMSS. 41, n. 4, doc. 2
971 ## $cpmesqui$d20220722
997 ## $aBIBEOD

Etiqueta de registo: 00254nbm 2200025 450
001 2105852
003 http://id.bnportugal.gov.pt/bib/catbnp/2105852
100 ## $a20220722d1618 m y0pory01030103ba
101 0# $aspa
102 ## $aES
105 ## $ay z 000yy
106 ## $ah
200 1# $a [ Carta de Dom Filipe III de Espanha a Alberto VII, Arquiduque da Áustria, acerca dos pagamentos de pensões ao Eleitor de Colónia e dos soldos dos soldados da guarnição de Keseybert]$bManuscrito]
210 #1 $aMadrid,$d20 de Março de 1618
215 ## $a[2] f.$d28 cm
300 ## $aOriginal
303 ## $aTexto em espanhol
307 ## $aCom selo de chapa
710 01 $aEspanha.$bRei,$f1598-1621 (Filipe III)$361522
712 02 $aPortugal.$bVice-rei,$f1583-1593 (Cardeal Alberto)$4660$31818743
801 #0 $aPT$bBN$gRPC
966 ## $lBN$mRESMAN$sMSS. 41, n. 4, doc. 1
971 ## $cpmesqui$d20220722
997 ## $aBIBEOD

Etiqueta de registo: 00254nbm 2200025 450
001 2135041
003 http://id.bnportugal.gov.pt/bib/catbnp/2135041
100 ## $a20230620f18011900k y0pory01030103ba
101 0# $apor
102 ## $aPT
105 ## $ay z 000yy
106 ## $ah
200 1# $a [ Cópia de uma carta do rei Filipe I ao arquiduque Alberto sobre uma informação que mandou tirar dos Ministros do Desembargo do Paço e Relação. Monção, 1 de Setembro de 1585]$bManuscrito]
210 #1 $d[1801-1900]
215 ## $a[2] f.$d31 cm
300 ## $aCópia existente em: Arquivo Nacional Torre do Tombo, Miscelâneas Manuscritas do Convento da Graça, tomo 7D, p. 1. Cfr.: https://digitarq.arquivos.pt/details?id=6040247
300 ## $aCópia
710 01 $aPortugal.$bRei,$c1581-1598 (Filipe I)$3798777
712 02 $aPortugal.$bVice-rei,$f1583-1593 (Cardeal Alberto)$4660$31818743
801 #0 $aPT$bBN$gRPC
966 ## $lBN$mRESMAN$sMSS. 207, n. 33
997 ## $aBIBEOD

Etiqueta de registo: 00254nbm 2200025 450
001 2134984
003 http://id.bnportugal.gov.pt/bib/catbnp/2134984
100 ## $a20230620f18011900k y0pory01030103ba
101 0# $apor
102 ## $aPT
105 ## $ay z 000yy
106 ## $ah
200 1# $a [ Cópia de uma carta do rei de Portugal ao arquiduque Alberto sobre uma informação que mandou tirar dos Ministros do Desembargo do Paço e Relação]$bManuscrito]
210 #1 $d[1801-1900]
215 ## $a[9] f.$d31 cm
300 ## $aCarta de Filipe de Habsburgo (I de Portugal, II de Espanha) para o vice-rei de Portugal, arquiduque Alberto de Áustria
300 ## $aCópia existente em: Arquivo Nacional Torre do Tombo, Manuscritos da Livraria n.º 1109 (45). Cfr.: https://digitarq.arquivos.pt/details?id=5864080
300 ## $aCópia
710 01 $aPortugal.$bRei,$c1581-1598 (Filipe I)$3798777
712 02 $aPortugal.$bVice-rei,$f1583-1593 (Cardeal Alberto)$4660$31818743
801 #0 $aPT$bBN$gRPC
966 ## $lBN$mRESMAN$sMSS. 207, n. 32
997 ## $aBIBEOD

Etiqueta de registo: 00254nbm 2200025 450
001 2287373
003 http://id.bnportugal.gov.pt/bib/catbnp/2287373
100 ## $a20260601j15741727k y0pory01030103ba
101 0# $apor$aspa
102 ## $aPT$aES
105 ## $ay z 000yy
106 ## $ah
200 1# $a [ Correspondência dos Condes de Soure desde 1574 até 1727]$bManuscrito]
210 #1 $aLagos;$aMadrid;$aEvora;$aBadajoz;$aLisboa,$d1574-1727
215 ## $a[VIII], 305 f., enc$d32 cm
300 ## $aOriginais assinados; selos de chapa dos Reis de Portugal (de D. Filipe I a D. João V)
304 ## $aTexto em português e espanhol
307 ## $aNumeração coeva
307 ## $aManchado pela tinta ferrogálica com prejuízo da leitura; manchas de humidade; marcas da acção dos insectos; margens fragilizadas; falta de suporte; f. rasgadas; costura apertada
307 ## $aEx-líbris comemorativo dos 10 anos da Revolução de 28 de Maio de 1926, aposto na guarda anterior de todas as obras que foram à leitura, na Biblioteca Nacional, no ano de 1936. Divisa: «ut videam»
307 ## $aEncadernação em pergaminho liso
316 ## $aCota antiga: U-4-23
321 1# $aReferido e parcialmente transcrito por: Ana Teresa Graça Sousa - Os modelos defensivos da fronteira luso-castelhana e a Guerra da Restauração (1640-1668) : fortificação, história e património. Évora : [s.n.], 2022. Tese dout. História, Instituto de Investigação e Formação Avançada, orientada por Antónia Fialho Conde e Eduardo Alves Duarte, Universidade de Évora, 2022
327 11 $aSumário dos conteúdos: "Taboa dos Reys, que mandaraõ escrever as cartas que contem este Livro e outros poucos papeis nelle conteudos" (f. [I])$a"Cartas, q[u]e se escreveraõ ao S[enho]r Dom Joaõ da Costa 1º Conde de Soure" (f. [II-III])$a"Do Cardeal Archiduque" (f. [III])$a"Del Rey Dom Joaõ o 4º" (f. [III v.-VII])$a"As seguintes saõ assignadas pella R[ainh]a na minori[da]de de El Rey Dom Affonso o 6º" (f. [VII])$a"Do Principe Dom Pedro Reg[en]te" (f. [VII v.])$a"Del Rey Dom Pedro", "Del Rey Dom Joaõ", "Cartas do Con[selh]o da Faz[end]a p[ar]a o Conde de Soure" (f. [VIII])$aSeguido por cartas (algumas em cifra) redigidas no contexto da perda da independência, domínio filipino, Restauração e guerras subsequentes, entre as quais: carta de D. Sebastião para D. João da Costa "sobre as materyas dafrica : Asentey Irme A Cidade de çeita, e desta á de tangere [...] pelo q[ue] vos encomendo muyto e vos mando que loguo tanto esta virdes vos venhaes a tavyra e todos os caualos q[ue] poderdes juntar [para serem embarcados]", Lagos, 20 de Agosto de 1574 (f. 1-2); Carta de D. Filipe I para D. João da Costa ordenando que faça "notificar a todas as uillas e lugares dessa comarca de Pinhel de que sois Capitaõ geral", Badajoz, 2 de Agosto de 1580 (f. 3); carta de D. Filipe III "em q[ue] manda ao s[enh]or Dom Joaõ da Costa ua ao Brazil, per ser tomada a Cidade do salvador da Baia de todos os S[ant]os", Madrid, 26 de Agosto de 1624 (f. 20-21)$a"Carta da Princeza [Duquesa de Mântua] de 20 de Junho de 1635 pela qual me manda uá asssisthir na Commenda de Castro Marin o ueraõ deste ano de 1635", Lisboa, 20 de Junho de 1635; carta de D. João IV para D. João da Costa "vir assistir as Cortes nesta Ci[da]de de L[i]x[bo]a", LIsboa, 26 de Dezembro de 1640 (f. 49-50)$aCartas de D. João IV para D. João da Costa sobre a constituição e financiamento dos exércitos, defesa de Olivença, provimento de munições nos castelos de Moura e Noudar, gestão do exército no Alentejo e das fortificações de Elvas, Olivença e Campo Maior, manutenção das fortificações, troca de prisioneiros, remessas de munições, protecção dos soldados estrangeiros; cartas para Gil Eanes da Costa (2º Conde de Soure), do Conselho do Rei e vereador da Câmara de Lisboa e para Henrique da Costa Carvalho e Sousa (4º Conde de Soure), militar de carreira tendo chegado ao posto de coronel em 1735 e a brigadeiro em 1754
701 #1 $aSousa,$bHenrique da Costa Carvalho e,$f1699-1758$4070$31999964
701 #1 $aCosta,$bGil Eanes da,$f1652-1680$4070$31999956
701 #0 $aMântua,$cDuquesa de,$f1589-1655$4070$31876150
701 #1 $aCosta,$bJoão da,$f1610-1664$4070$31694755
711 01 $aPortugal.$bRei,$c1621-1640 (Filipe III)$4070$360863
711 02 $aPortugal.$bVice-rei,$f1583-1593 (Cardeal Alberto)$4070$31818743
711 01 $aPortugal.$bRainha,$f1640-1662 (Luísa de Gusmão)$4070$345541
711 01 $aPortugal.$bRei,$c1683-1706 (Pedro II)$4070$3231351
711 01 $aPortugal.$bRei,$c1581-1598 (Filipe I)$4070$3798777
711 02 $aPortugal.$bRei,$c1598-1621 (Filipe II)$4070$31304952
711 01 $aPortugal.$bRei,$c1557-1578 (Sebastião)$4070$357149
711 01 $aPortugal.$bRei,$c1640-1656 (João IV)$4070$359716
801 #0 $aPT$bBN$gRPC
966 ## $lBN$mMICROF$sF. 731
966 ## $lBN$mRESMAN$sCOD. 6916
971 ## $cipires$d20260601

OpendataBNP@bnportugal.pt | Mais informação sobre acesso aos dados BNP